000 00708nam a22002177a 4500
003 UA-OsUOA
001 92081
007 ta
008 20121210b un ||||| |||| 00| 0 ukr d
100 _aГірман А.
090 _a330(477)
_bГ51
942 _cSA
040 _aUA-OsUOA
_bukr
_cUA-OsUOA
_dUA-OsUOA
245 _aЗарубіжний досвід регулювання ринку праці в реалізації євроінтеграційної стратегії України
300 _aС.45-50
955 _a0
041 _aukr
080 _a330(477)
773 0 _w92068
_tУкраїна: аспекти праці
_dК.
_d2012
_g8
650 7 _a330 Економіка взагалі
_2UDC
999 _c378334
_d378334